000 01671cam a2200385 i 4500
999 _c127790
_d127790
001 17785030
003 ARRUPE
005 20180326114653.0
008 130620t20132013dcuab 000 0 eng
010 _a 2013023253
020 _a9780821399880 (pbk.)
020 _a0821399888 (pbk.)
020 _z9780821399897 (e-book)
040 _aDLC
_beng
_cDLC
_erda
_dDLC
042 _apcc
043 _aa-cc---
_ad------
050 0 0 _aHD9736.C62
_bD55 2013
082 0 0 _a338.951
_223
100 1 _aDinh, Hinh T.,
_d1953-
_941006
245 1 0 _aTales from the development frontier :
_bhow China and other countries harness light manufacturing to create jobs and prosperity /
_cHinh T. Dinh et al...
260 _aWashington
_bThe World Bank
_c2013
300 _axxiv, 526 p. :
_c23 cm
504 _aIncludes bibliographical references and index.
650 0 _aManufacturing industries
_zChina.
_941007
650 0 _aManufacturing industries
_zDeveloping countries.
_941008
650 0 _aEconomic development
_zChina.
_941009
650 0 _aEconomic development
_zDeveloping countries.
_941010
710 2 _aWorld Bank.
_910370
906 _a7
_bcbc
_corignew
_d1
_eecip
_f20
_gy-gencatlg
942 _2lcc
_cMONOGRAPH